Un mundo raro
Αποθηκεύτηκε σε:
| Κύριος συγγραφέας: | |
|---|---|
| Μορφή: | Βιβλίο |
| Γλώσσα: | Ισπανικά |
| Έκδοση: |
Ciudad de México
Mondadori
2000
|
| Θέματα: | |
| Ετικέτες: |
Προσθήκη ετικέτας
Δεν υπάρχουν, Καταχωρήστε ετικέτα πρώτοι!
|
MARC
| LEADER | 00000nam a2200000 a 4500 | ||
|---|---|---|---|
| 001 | UCN0507 | ||
| 003 | CL-VaPUC | ||
| 008 | 010323e20000000MX |||||||||||||||||spa|d | ||
| 082 | 0 | 4 | |a Ch863 |b SER |2 21 |
| 100 | 0 | |a Serrano, Marcela |e author |9 455772 | |
| 245 | 1 | 3 | |a Un mundo raro |
| 300 | |a 94 p | ||
| 942 | |c BK | ||
| 945 | |d 20010323 00:00:00 |a vberengu | ||
| 260 | |a Ciudad de México |b Mondadori |c 2000 | ||
| 650 | 0 | |a Literatura chilena |9 308278 | |
| 650 | 0 | |a Relatos chilenos |9 321121 | |
| 583 | |a last modification |c 20010323 00:00:00 |k Rodrigo Vera | ||
| 999 | |c 294254 |d 294252 | ||
| 952 | |0 0 |1 0 |4 0 |6 CH_863_000000000000000_SER_2000 |7 0 |8 A |9 346368 |a BIBEDU |b BIBEDU |c ES_NOD |d 2019-11-20 |i 3704769 |o Ch863 SER 2000 |p 3704769 |r 2023-08-09 |w 2019-11-20 |y BK |k LIT | ||
| 952 | |0 0 |1 0 |4 0 |6 CH_863_000000000000000_SER_2000 |7 0 |8 A |9 346369 |a BIBEDU |b BIBEDU |c ES_NOD |d 2019-11-20 |i 3749177 |o Ch863 SER 2000 |p 3749177 |r 2023-08-09 |w 2019-11-20 |y BK |k CUE | ||